| 000 | 00614nam a22001937a 4500 | ||
|---|---|---|---|
| 005 | 20230215022449.0 | ||
| 008 | 230215b |||||||| |||| 00| 0 eng d | ||
| 020 | _a978-967-2113-02-7 | ||
| 082 | _a658.5 Z31 2018 | ||
| 100 |
_aZani, Rosliza MD _eauthor |
||
| 245 |
_aOperations management / _cRosliza MD Zani, Mohd Radzi Mohd Khir |
||
| 250 | _a1st ed. | ||
| 260 |
_aMalaysia: _bOxford Publishing (Malaysia), _cc2018 |
||
| 300 |
_axii, 404p.: _bill. (some col.) |
||
| 504 | _aIncludes index | ||
| 541 | _e6996 c.1, 6997 c.2, 6998 c.3 | ||
| 650 | _aProduction management | ||
| 700 |
_aKhir, Mohd Radzi Mohd _eauthor |
||
| 999 |
_c1115 _d1115 |
||